Central Library OPAC University of Rajshahi

Introduction to algebraic geometry / (Record no. 55976)

MARC details
000 -LEADER
fixed length control field 00855nam a2200265 a 4500
001 - CONTROL NUMBER
control field 55976
003 - CONTROL NUMBER IDENTIFIER
rucl marc code BD-RjUL
005 - DATE AND TIME OF LATEST TRANSACTION
control field 20211209080334.0
008 - FIXED-LENGTH DATA ELEMENTS--GENERAL INFORMATION
fixed length control field 161124s1949 enka b 001 0 eng
020 ## - INTERNATIONAL STANDARD BOOK NUMBER
International Standard Book Number 0198533632 (pbk.)
035 ## - SYSTEM CONTROL NUMBER
System control number (BD-RjUL)56100
040 ## - CATALOGING SOURCE
Original cataloging agency DLC
Transcribing agency DLC
Modifying agency BD-RjUL
Language of cataloging eng
041 ## - LANGUAGE CODE
Language code of text/sound track or separate title eng
082 00 - DEWEY DECIMAL CLASSIFICATION NUMBER
Classification number 516.35
Edition number 23
Author mark and year SEI 1949
100 1# - MAIN ENTRY--PERSONAL NAME
Personal name Semple, J. G.
Fuller form of name (John Greenlees),
Dates associated with a name 1904-
9 (RLIN) 166623
245 10 - TITLE STATEMENT
Title Introduction to algebraic geometry /
Statement of responsibility, etc. by J.G. Semple and L. Roth.
260 ## - PUBLICATION, DISTRIBUTION, ETC. (IMPRINT)
Place of publication, distribution, etc. New York :
Name of publisher, distributor, etc. Oxford University Press,
Date of publication, distribution, etc. 1949
300 ## - PHYSICAL DESCRIPTION
Pagination xvii, 454 p. :
Illustrations ill. ;
Size 22 cm.
500 ## - GENERAL NOTE
General note Includes index.
650 #0 - SUBJECT ADDED ENTRY--TOPICAL TERM
Topical term or geographic name as entry element Geometry, Algebraic.
9 (RLIN) 166624
700 1# - ADDED ENTRY--PERSONAL NAME
Personal name Roth, L.
856 42 - ELECTRONIC LOCATION AND ACCESS
Materials specified Publisher description
Uniform Resource Identifier <a href="http://www.loc.gov/catdir/enhancements/fy0638/86150955-d.html">http://www.loc.gov/catdir/enhancements/fy0638/86150955-d.html</a>
942 ## - ADDED ENTRY ELEMENTS (KOHA)
Source of classification or shelving scheme Dewey Decimal Classification
Koha item type Books
Holdings
Lost status Source of classification or shelving scheme Damaged status Not for loan Collection code Permanent Location Current Location Shelving location Date acquired Source of acquisition Cost, normal purchase price Total Checkouts Full call number Date last seen Copy number Koha item type
  Dewey Decimal Classification     Non-fiction Central Library, University of Rajshahi Central Library, University of Rajshahi   16/11/1957 Oxford university press 30.14   516.35 SEI 1949 24/11/2016 C-2 Books